Statistics for UK Railway Stations - Kyle of Lochalsh line

Click here to take the quiz!

General Stats

  • This quiz has been taken 8 times
  • The average score is 7 of 13

Answer Stats

Answer% Correct
Kyle of Lochalsh
100%
Achnasheen
86%
Dingwall
71%
Plockton
71%
Achanalt
57%
Achnashellach
57%
Duirinish
57%
Attadale
43%
Garve
43%
Lochluichart
43%
Strathcarron
43%
Stromeferry
43%
Duncraig
29%

Score Distribution

Percentile by Number Answered

Percent of People with Each Score

Your Score History

You have not taken this quiz